000 00657nam a2200277Ia 4500
005 20260324133451.0
008 008 260324s9999 xx 000 0 eng d
020 _a9781351074636
037 _aEBOOK
040 _aCRL
040 _beng
040 _cCRL
041 _2eng
041 _aeng
084 _qCRL
100 _aA.G. Cullis; P.A. Midgley
_91193207
245 0 _aMicroscopy of Semiconducting Materials 2003
260 _bTaylor and Francis
260 _c2003
365 _a
365 _b435
856 _uhttp://www.taylorfrancis.com/books/9781351074636
942 _cEBOOK
999 _c1792263
_d1792263